LEADER 01233nam a2200301 i 4500 001 000000219764 003 CaOOAMICUS 005 20190116140437.0 008 130408s1981 gw u000 u ger u 013 $a198661 020 $a3-534-08555-8 040 $aSeMil$bita 100 1 $aWagner, Harald <1944-2016>.$0(OLS)http://semarc/name/16092 245 10$aEinführung in die Fundamentaltheologie /$cHarald Wagner. 260 $aDarmstadt :$bWissenschaftliche Buchgesellschaft,$c1981. 300 $aXIII, 132 p. ;$c22 cm. 490 0 $aDie Theologie [WBG] 500 $aCon dedica autografa dell'Autore. - Fondo card. C. M. Martini. 650 4$aTeologia fondamentale.$0(OLS)http://semarc/subject/235 830 4$aDie Theologie.$0(OLS)http://semarc/title/450523 850 $aSeMil 852 $aSeMil$W1$xVenegono$y1$m2B III 472$j170125$B170125$CSeMilBibl$Z2$F182410 $81 941 1 $a4 961 $aLascito: Martini Card. Carlo Maria 996 $6020$a3-534-08555-8$9(OLS)http://semarc/number/218010 996 $6245$aEinführung in die Fundamentaltheologie$9(OLS)http://semarc/title/315253 996 $6260$aDarmstadt :$bWissenschaftliche Buchgesellschaft$9(OLS)http://semarc/publisher/32002 LEADER 01142nam a2200265 i 4500 001 000000116780 003 CaOOAMICUS 005 20030628000000.0 008 030628s2001 it u000 u ita u 013 $a89469 020 $a88-16-40567-8 040 $aSeMil$bita 100 1 $aVelasco, Juan Martin.$0(OLS)http://semarc/name/4739 245 10$aAntropologia, cultura e religioni./ Edizione italiana a cura di Luigi Saibene. 300 $a254 p. 490 0 $aDi fronte e attraverso ;$v567 500 $aContiene : Indice dei nomi. 700 1 $aSaibene, Luigi <1950->.$0(OLS)http://semarc/name/3984 773 0 $aVelasco, Juan Martin$tFenomeno mistico.$dMilano : Jaca Book, 2001.$kDi fronte e attraverso$g1$w()9613 830 0$aDi fronte e attraverso ;$v567.$0(OLS)http://semarc/title/6486 850 $aSeMil 852 $aSeMil$W1$xVenegono$y1$m2R VI 410$j72188$B72188$CSeMilBibl$Z2$F75980 $81 961 $aRecupero: Seminario di Seveso 996 $6020$a88-16-40567-8$9(OLS)http://semarc/number/100988 996 $6245$aAntropologia, cultura e religioni./ Edizione italiana a cura di Luigi Saibene$9(OLS)http://semarc/title/407681